| 000 | 00563cam a22001817a 4500 | ||
|---|---|---|---|
| 008 | 180718b2002 xxu||||| |||| 00| 0 eng d | ||
| 020 | _a8188091006 | ||
| 082 | _aI548x54 P278 | ||
| 100 | _aPatri, Vasantha R. | ||
| 245 |
_aEssentials of effective communication _cby Vasantha R. Patri and Neelkant Patri |
||
| 260 |
_aNew Delhi _bGreenspan Pub. _c2002 |
||
| 300 | _a464p. | ||
| 650 | _aBusiness communication | ||
| 650 | _aInformation theory | ||
| 650 | _aCommunication planning - India | ||
| 650 | _aCommunication policy - India | ||
| 700 | _aPatri, Neelkant | ||
| 999 |
_c401617 _d401617 |
||